ARRUPE JESUIT UNIVERSITY

CORONAVIRUS -STOP THE SPREAD - CLEAN,DISINFECT,COVER

Truth, beauty, and goodness reframed : (Record no. 121995)

MARC details
000 -LEADER
fixed length control field 01169cam a2200325 a 4500
001 - CONTROL NUMBER
control field 8682916
003 - CONTROL NUMBER IDENTIFIER
control field ARRUPE
005 - DATE AND TIME OF LATEST TRANSACTION
control field 20150209164242.0
008 - FIXED-LENGTH DATA ELEMENTS--GENERAL INFORMATION
fixed length control field 101130s2011 nyua b 001 0 eng
010 ## - LIBRARY OF CONGRESS CONTROL NUMBER
LC control number 2010049055
020 ## - INTERNATIONAL STANDARD BOOK NUMBER
International Standard Book Number 9780465021925 (alk. paper)
020 ## - INTERNATIONAL STANDARD BOOK NUMBER
Cancelled/invalid ISBN 9780465023370 (E-book)
020 ## - INTERNATIONAL STANDARD BOOK NUMBER
International Standard Book Number 0465021921 (alk. paper)
029 1# - (OCLC)
OCLC library identifier NZ1
System control number 13666054
035 ## - SYSTEM CONTROL NUMBER
System control number (OCoLC)ocn657595530
035 ## - SYSTEM CONTROL NUMBER
System control number (OCoLC)657595530
035 ## - SYSTEM CONTROL NUMBER
System control number (NNC)8682916
040 ## - CATALOGING SOURCE
Original cataloging agency DLC
Transcribing agency DLC
Modifying agency YDX
-- BTCTA
-- YDXCP
-- IK2
-- ABG
-- BWX
050 00 - LIBRARY OF CONGRESS CALL NUMBER
Classification number BJ1531
Item number .G28 2011
082 00 - DEWEY DECIMAL CLASSIFICATION NUMBER
Classification number 179/.9
Edition number 22
300 ## - PHYSICAL DESCRIPTION
Other physical details ill. ;
Dimensions 25 cm.
100 1# - MAIN ENTRY--PERSONAL NAME
Personal name Gardner, Howard,
Dates associated with a name 1943-
9 (RLIN) 13028
245 10 - TITLE STATEMENT
Title Truth, beauty, and goodness reframed :
Remainder of title educating for the virtues in the age of truthiness and twitter /
Statement of responsibility, etc Howard Gardner.
260 ## - PUBLICATION, DISTRIBUTION, ETC. (IMPRINT)
Place of publication, distribution, etc New York :
Name of publisher, distributor, etc Basic Books,
Date of publication, distribution, etc c2011.
300 ## - PHYSICAL DESCRIPTION
Extent xii, 244 p. :
504 ## - BIBLIOGRAPHY, ETC. NOTE
Bibliography, etc Includes bibliographical references and index.
505 0# - FORMATTED CONTENTS NOTE
Formatted contents note The virtues and the challenges -- Truth -- Beauty -- Goodness -- A promising start -- Learning throughout life -- Looking ahead.
650 #0 - SUBJECT ADDED ENTRY--TOPICAL TERM
Topical term or geographic name as entry element Virtues
General subdivision Study and teaching.
9 (RLIN) 14957
942 ## - ADDED ENTRY ELEMENTS (KOHA)
Source of classification or shelving scheme Library of Congress Classification
Koha item type Monograph ( Printed materials)
Holdings
Withdrawn status Lost status Source of classification or shelving scheme Damaged status Not for loan Collection code Home library Current library Shelving location Date acquired Total Checkouts Full call number Barcode Date last seen Price effective from Koha item type
    Library of Congress Classification     Main Collection ARRUPE LIBRARY ARRUPE LIBRARY Main Collection 09/02/2015   BJ1531 .G28 2011 46500002965 22/09/2016 09/02/2015 Monograph ( Printed materials)

 

Arrupe Library. PO Box MP320 Mt Pleasant, Harare, Zimbabwe
263 242 745411|librarian@aju.ac.zw